Seismicity of the Earth, 1900-2013 : seismotectonics of South America (Nazca Plate Region) /

Bibliographic Details
Other Authors: Hayes, Gavin P. (Compiler)
Format: Government Document Map
Language:English
Published: [Reston, Va.] : U.S. Department of the Interior, U.S. Geological Survey, 2014.
Series:U.S. Geological Survey open-file report ; 2015-1031-E.
Subjects:
Online Access:https://purl.fdlp.gov/GPO/gpo55780
http://purl.fdlp.gov/GPO/gpo55780

MARC

Tag First Indicator Second Indicator Subfields
LEADER 00000cem a2200000Ii 4500
001 in00003598685
005 20210430152939.0
006 m o d f
007 aj|cz|z|
007 cr c||||||||||
008 150803s2014 vaub ca a fo 0 eng d
034 1 |a a  |b 14000000  |d W1000000  |e W0400000  |f N0100000  |g S0400000 
035 |a (OCoLC)ocn915345863 
043 |a s------ 
040 |a GPO  |b eng  |e rda  |e pn  |c GPO  |d MvI 
049 |a WWW 
052 |a 5201 
074 |a 0624-H (online) 
086 0 |a I 19.76:2015-1031-E 
100 1 |a Hayes, Gavin P.,  |e compiler. 
245 1 0 |a Seismicity of the Earth, 1900-2013 :  |b seismotectonics of South America (Nazca Plate Region) /  |c compiled by Gavin P. Hayes [and four others] 
255 |a Scale 1:14,000,000 ;  |b Albers equal area projection  |c (W 100°--W 040°/N 10°--S 40°). 
264 1 |a [Reston, Va.] :  |b U.S. Department of the Interior, U.S. Geological Survey,  |c 2014. 
300 |a 1 online resource (1 map) :  |b color. 
336 |a cartographic image  |b cri  |2 rdacontent 
337 |a computer  |b c  |2 rdamedia 
338 |a online resource  |b cr  |2 rdacarrier 
490 1 |a Open-file report ;  |v 2015-1031-E 
500 |a Relief shown by shading. 
500 |a Title from title screen (viewed on July 16, 2015). 
500 |a Includes text, five profiles, and two ancillary maps. 
504 |a Includes bibliographical references. 
650 0 |a Earthquakes  |z South America  |x History  |v Maps. 
650 0 |a Seismology  |z South America  |x History  |v Maps. 
710 2 |a Geological Survey (U.S.),  |e issuing body. 
830 0 |a U.S. Geological Survey open-file report ;  |v 2015-1031-E. 
856 4 0 |u https://purl.fdlp.gov/GPO/gpo55780  |t 0 
856 4 0 |u http://purl.fdlp.gov/GPO/gpo55780  |t 0 
999 f f |s 26fa918a-ae4e-391f-accd-25240fcfbbe1  |i d491b592-5a3f-3c4a-9177-e4963a5d7ebb  |t 0 
952 f f |a Texas A&M University  |b College Station  |c Electronic Resources  |d Available Online  |t 0  |e I 19.76:2015-1031-E  |h Superintendent of Documents classification 
998 f f |a I 19.76:2015-1031-E  |t 0  |l Available Online